00759nam a22001937a 4500003000900000008004100009040007100050082001700121100003000138245004300168260005300211300002800264440002800292505015200320650002300472650001200495650001700507700004100524AR-CdUCM190506b ||||| |||| 00| 0 spa d aMUNICIPALIDAD PROVINCIAL DEL CUSCOcBIBLIOTECA MUNICIPAL DEL CUSCO a320.4 /bR95 aRunciman, Walter Garrison aEnsayos :bsociología y política / aMéxico :bFondo de cultura económica,c1966. a259 páginas ;c17 cm. aColección popularn82 aContenido: Naturaleza de la ciencia social -- Aparición de la sociología política -- Carlos Marx Y Max Weber -- Minorías y oligarquías... aCiencia política aEnsayos aConferencias aTorner, Florentino M. (traducción)